000 00436nam a2200169Ia 4500
008 230711s9999||||xx |||||||||||||| ||und||
041 _aENG
082 _a624
_bHA-R
100 _aHansen,Kenneth D
245 0 _aRoller-compacted concrete damsĀ 
250 _a1st Ed.
260 _c1991
_aNew Delhi
_bTata McGraw Hill Education Limited
300 _a298
650 _aCivil Engineering
700 _aReinhardt,William G.
942 _cBK
999 _c3347
_d3347